000
00226nam a22000857a 4500
008
160905b xxu||||| |||| 00| 0 eng d
100
_9
304
_a
Verma S
245
_a
Mathematics-X
_b
Term-I
260
_a
New Delhi
_b
S.Chand publication
_c
2011
999
_c
2964
_d
2964